000 01190nam a22003498i 4500
001 021364952
003 EG-ScBUE
005 20260208101542.0
008 240425s2025 enka f b 001 0 eng d
020 _a9780367724658
040 _aStDuBDS
_beng
_erda
_cStDuBDS
_dEG-ScBUE
082 0 4 _a720
_222
_bROT
100 1 _aRoth, Leland M.,
_eauthor.
245 1 0 _aUnderstanding architecture :
_bits elements, history, and meaning /
_cLeland M. Roth, Amanda C. Roth Clark.
250 _aFourth edition.
264 1 _aLondon :
_bRoutledge,
_c2025.
300 _a654 pages :
_billustrations (colour) ;
_c28 cm
336 _atext
_2rdacontent
_btxt
336 _astill image
_2rdacontent
_btxt
337 _aunmediated
_2rdamedia
_bn
338 _avolume
_2rdacarrier
_bnc
500 _aPrevious edition: Boulder: Westview Press, 2014.
504 _aIncludes bibliographical references and index.
650 7 _aArchitecture.
_2BUEsh
650 7 _aArchitecture
_xHistory.
_2BUEsh
653 _cFebruary2026
_bENGARC
655 _vReading book
700 1 _aClark, Amanda C. R.,
_d1977-
_eauthor.
776 0 8 _iebook version :
_z9781040021651
942 _2ddc
_cBB
999 _c31085
_d31056